| 000 -LEADER |
| fixed length control field |
00996nam a22002297a 4500 |
| 008 - FIXED-LENGTH DATA ELEMENTS--GENERAL INFORMATION |
| fixed length control field |
131009b xxu||||| |||| 00| 0 alb d |
| 020 ## - INTERNATIONAL STANDARD BOOK NUMBER |
| International Standard Book Number |
9951130100 |
| 041 0# - LANGUAGE CODE |
| Language code of text/sound track or separate title |
alb, eng |
| 080 ## - UNIVERSAL DECIMAL CLASSIFICATION NUMBER |
| Universal Decimal Classification number |
021 |
| Common auxiliary subdivision |
(036) |
| 245 10 - TITLE STATEMENT |
| Title |
Biblioteka Kombëtare dhe Universitare e Kosovës : |
| Statement of responsibility, etc |
Përgatitën Fazli Gajraku, Bedri Gashi, Gjon Berisha ; Përktheu Besim J. Kokollari. |
| 260 ## - |
| -- |
Prishtinë : |
| -- |
Biblioteka Kombëtare dhe Universitare e Kosovës ; |
| -- |
2004 |
| 300 ## - |
| -- |
29 f.: |
| -- |
me il.; me ngjyra |
| -- |
24 cm. |
| 500 ## - |
| -- |
Në anën e kundërt të librit teksti krahasues në gjuhën angleze |
| 610 ## - |
| -- |
Biblioteka Kombëtare dhe Universitare e Kosovës |
| -- |
Guidë |
| -- |
Historia |
| 650 #0 - |
| -- |
Bibliotekaria |
| -- |
Guidë |
| 700 ## - |
| -- |
Gajraku, Fazli |
| 700 ## - |
| -- |
Gashi, Bedri |
| 700 ## - |
| -- |
Berisha, Gjon |
| 700 ## - |
| -- |
Kokollari, Besim J. |
| 700 ## - |
| -- |
Biblioteka Kombëtare dhe Universitare e Kosovës. |
| 942 ## - ADDED ENTRY ELEMENTS (KOHA) |
| Source of classification or shelving scheme |
|
| Item type |
Books |